Lidé a sídliště /

Guardado en:
Detalles Bibliográficos
Autores principales: Musil, Jiří (Autor, Compilador), Kotačka, Lubomír (Autor), Lérová, Irena (Autor)
Formato: Libro
Lenguaje:checo
Publicado: Praha : Nakladatelství Svoboda, 1985
Edición:1. vydanie
Materias:
Etiquetas: Agregar Etiqueta
Sin Etiquetas, Sea el primero en etiquetar este registro!

MARC

LEADER 00000nam a22000003a 4500
001 0108793
003 SK-STU
005 20240321144943.7
007 ta
008 240321s ----xo-----e------000-0-----d
040 |a STU  |b slo 
041 0 |a cze 
044 |a xr 
100 1 |a Musil, Jiří  |4 com  |4 aut 
245 1 0 |a Lidé a sídliště /  |c zost. Jiří Musil, Lubomír Kotačka, Irena Lérová 
250 |a 1. vydanie 
260 |a Praha :  |b Nakladatelství Svoboda,  |c 1985 
300 |a 336 s. 
650 0 7 |a sídliská 
650 0 7 |a sociológia 
650 0 7 |a bývanie 
650 0 7 |a obytné budovy 
650 0 7 |a deti 
650 0 7 |a mládež 
650 0 7 |a seniori 
650 0 7 |a rekreácia a voľný čas 
700 1 |a Kotačka, Lubomír  |4 aut 
700 1 |a Lérová, Irena  |4 aut 
996 |b 284AU09965  |c A* 13333/U  |l AAKNAR  |s A  |a 24  |w 0108793_0001